000 00321 a2200109 4500
001 ART_58903
005 20260410162051.0
008 260409a
245 1 0 _aSe intensifican los controles fiscales sistémicos
100 1 _aSantacruz, Lidia M.
773 0 _tImpuestos
_g- N° 151 (jul. 2023)
_wREV45175
999 _c35790
_d35790